Normal view
MARC view
- Mahmood, Shaukat ; Shaukat, Nadeem
Entry Personal Name
001 - CONTROL NUMBER
- control field: 35283
003 - CONTROL NUMBER IDENTIFIER
- control field: NUST
005 - DATE AND TIME OF LATEST TRANSACTION
- control field: 20201113144905.0
008 - FIXED-LENGTH DATA ELEMENTS
- fixed length control field: 201113|| aca||aabn | a|a d
040 ## - CATALOGING SOURCE
- Original cataloging agency: NUST
- Transcribing agency: NUST
100 ## - HEADING--PERSONAL NAME
- Personal name: Mahmood, Shaukat ; Shaukat, Nadeem
670 ## - SOURCE DATA FOUND
- Source citation: Work cat.: (NUST): Mahmood, Shaukat ; Shaukat, Nadeem, The Court-Fees Act & Suits Valuation Act (VII of 1887) /, 2020.
